| 000 | 00530nam a22001817a 4500 | ||
|---|---|---|---|
| 003 | LK-CoMWRAF | ||
| 005 | 20240701120341.0 | ||
| 008 | 240626b1985 |||||||| |||| 00| 0 eng d | ||
| 040 |
_aLK-CoMWRAF _dLK-CoMWRAF _eLK-CoMWRAF |
||
| 041 | _aeng | ||
| 082 |
_a305.42 _bCOM |
||
| 245 |
_aCompendium of scholars: _bethnicity and women's issues |
||
| 260 |
_aColombo: _bInternational Centre for Ethnic Studies, _c1985 |
||
| 300 | _a viii, 149 p. | ||
| 650 | _aFEMINISM-Ethnicity | ||
| 700 | _aSamarasinghe, S. W. R. de A. | ||
| 942 | _cBK | ||
| 999 |
_c4943 _d4943 |
||